Theologia christiana dogmatica-moral, compendiada en dos tomos (Record no. 8544)

MARC details
000 -CABECERA
campo de control de longitud fija 01178nam a2200229 a 4500
001 - NÚMERO DE CONTROL
campo de control BRCA_8893
005 - FECHA Y HORA DE LA ÚLTIMA TRANSACCIÓN
campo de control 20190320210441.0
008 - DATOS DE LONGITUD FIJA--INFORMACIÓN GENERAL
campo de control de longitud fija 150617s1771----sp-#######---#000-0#spa-#
041 ## - CÓDIGO DE LENGUA
Código de lengua del texto/banda sonora o título independiente spa
044 ## - CÓDIGO DEL PAÍS DE LA ENTIDAD EDITORA/PRODUCTORA
Código MARC del país sp
084 ## - OTRO NÚMERO DE CLASIFICACIÓN
Número de clasificación CO53
Número de documento/Ítem .C66 1771
100 1# - ENTRADA PRINCIPAL--NOMBRE DE PERSONA
Nombre de persona Concina, Daniel
Fechas asociadas al nombre 1687-1756
9 (RLIN) 22130
245 10 - MENCIÓN DE TÍTULO
Título Theologia christiana dogmatica-moral, compendiada en dos tomos
Mención de responsabilidad, etc. su autor el M. R. P. Fr. Daniel Concina, de el orden de predicadores; traducida al idioma castellano y añadida en muchas partes de las obras del mismo autor el P.D. Joseph Sánchez de la Parra; ponese al principio una colección de bulas, y Decretos Pontificios en Compendio; y al fin un tratado de la Bula de la Santa Cruzada, para el uso más acomodado en estos Reynos; tomo I.
260 ## - PUBLICACIÓN, DISTRIBUCIÓN, ETC.
Lugar de publicación, distribución, etc. Madrid
Nombre del editor, distribuidor, etc. En la oficina de la Viuda de Manuel Fernández
Fecha de publicación, distribución, etc. 1771
300 ## - DESCRIPCIÓN FÍSICA
Extensión VIII, XXI, 350 p. (t.1)
Dimensiones 30 x 21 cm
500 ## - NOTA GENERAL
Nota general Con privilegio
500 ## - NOTA GENERAL
Nota general Estado físico: presenta encuadernación en pergamino con presencia del pez de plata y carece de cintas
650 14 - PUNTO DE ACCESO ADICIONAL DE MATERIA--TÉRMINO DE MATERIA
Término de materia o nombre geográfico como elemento de entrada Teología
Subdivisión cronológica Obras anteriores a 1800
9 (RLIN) 22131
700 1# - PUNTO DE ACCESO ADICIONAL--NOMBRE DE PERSONA
Nombre de persona Sánchez de la Parra, Joseph
Término indicativo de función/relación tr.
9 (RLIN) 22132
902 ## - CATALOGADOR
Iniciales CFM
942 ## - ELEMENTOS DE PUNTO DE ACCESO ADICIONAL (KOHA)
Fuente del sistema de clasificación o colocación Library of Congress Classification
Tipo de ítem Koha Libros
Holdings
Estado de retiro Estado de pérdida Estado dañado No para préstamo Localización permanente Ubicación/localización actual Fecha de adquisición Total de préstamos Signatura topográfica completa Código de barras Fecha visto por última vez Precio válido a partir de Tipo de ítem Koha
El ejemplar forma parte de la colección y puede ser consultado según las políticas vigentes.       Biblioteca del Museo Franz Mayer (Rogerio Casas-Alatriste) Biblioteca del Museo Franz Mayer (Rogerio Casas-Alatriste) 15/06/2017   CO53 .C66 1771 CFM00216 22/03/2019 22/03/2019 Libros